000 00649nam a2200217 4500
001 GB1172
003 IN-BhIIT
005 20241029101612.0
008 241029b |||||||| |||| 00| 0 eng d
020 _a9788192054001
040 _aIN-BhIIT
041 _aeng
082 _a540.2462
_bYAL/E
100 _aYalamanchili, Bharathi Kumari.
_eAuthor
_924815
245 _aEngineering chemistry /
_cby Bharathi Kumari Yalamanchili and Jyotsna Cherukuri.
260 _aVijayawada :
_bV.G.S. Book Links,
_c2013.
300 _a5.83 p. :
_bill. ;
_c24 cm.
504 _aIncludes bibliographical references and index.
650 _aChemistry.
942 _cGB
999 _c14457
_d14457